000 00679nam a2200241Ia 4500
003 OSt
005 20220926030329.0
006 a|||||r|||| 00| 0
007 ta
008 220923b |||||||| |||| 00| 0 eng d
037 _cGeneral Book
040 _aRTL
_cRTL
_beng
041 _2eng
_aeng
082 _az 2 b4, K4
100 _aChinmulgund P J Ed.
_9334053
245 0 _aReview of indological research in last 75 years
_b M
260 _aPoona
_c1964
300 _axxviii,849p.
_ccm.
650 _aGeneralia
700 _a Mirashi V V Ed.
_9334054
942 _hz 2 b4, K4
_cGB
_2CC
999 _c649354
_d649354